It looks like you're offline.
Open Library logo
additional options menu

MARC record from Internet Archive

LEADER: 00983cam 22002531 4500
001 9274527
005 20050613185447.0
008 750729s1945 nyu 000 0deng
035 $9(DLC) 45010350
906 $a7$bcbc$coclcrpl$du$encip$f19$gy-gencatlg
010 $a 45010350
035 $a(OCoLC)1488051
040 $aDLC$cFJ$dOCoLC$dDLC
042 $apremarc
050 00 $aPS507$b.L44
082 $a810.82
100 1 $aLee, Charles,$d1913-$eed.
245 10 $aNorth, East, South, West;$ba regional anthology of American writing.$cGeneral editor: Charles Lee. New England: Sarah Cleghorn. Middle Atlantic: Edwin Seaver. Middle West: A.C. Spectorsky. The West: Joseph Henry Jackson. The South: Struthers Burt.
260 $a[New York]$bHowell, Soskin$c[1945]
300 $axv p., 1 I., 558 p.$c23 cm.
500 $a"Biographies": p. [534]-555.
650 0 $aAmerican literature.
985 $eOCLC REPLACEMENT cdsdistr
991 $bc-GenColl$hPS507$i.L44$p00058175122$tCopy 1$wOCLCREP